Holiday Quiz

Random Holiday or Grab Bag Quiz

I Said... BOO! Quiz Stats

Quiz Updated Mar 8, 2016

Also try: Boo Words
Challenge
Share
Tweet
Embed
Score 0/22 Timer 04:00
4 Plays Today
Boo's Clues Boo Words % Correct
Flying device that comes back to youBOOmerang
94.1%
Used to note a page or websiteBOOkmark
88.1%
A mistake or childhood injuryBOOBOO
87.1%
Woody, hollow-stemmed grass or shootBamBOO
77.5%
Last car of a freight trainCaBOOse
74.8%
One who takes betsBOOkie
74.6%
A collection of recipesCookBOOk
73.2%
Where one pays highway feesTollBOOth
71.8%
Hard liquor or the act of drinking itBOOze
67.5%
A backwoods area, the 'sticks'BOOndock
66.1%
Ill-gotten treasure or plunderBOOty
64.6%
Boo's Clues Boo Words % Correct
A prohibited or banned word or subjectTaBOO
62.5%
Reserve more space than existsOverBOOk
61.6%
Children's hiding gamePeekaBOO
55.5%
To smuggle or create illegal copyBOOtleg
54.7%
Old world monkey of genus PapioBaBOOn
51.9%
Tropical, possibly blue-footed, birdBOOby
43.3%
Rude, crude or insensitive in behaviorBOOrish
38.3%
To dupe, hoodwink or deceiveBamBOOzle
33.5%
Imaginary object of fear or distressBugaBOO
27.4%
A collection, along with 'kit'KaBOOdle
24.8%
A wasteful project, graftBOOndoggle
11.9%

You're not logged in!

Compare scores with friends on all Sporcle quizzes.
Sign Up with Email
OR
Log In

You Might Also Like...

Show Comments

Extras

Top Quizzes Today


Score Distribution

Your Account Isn't Verified!

In order to create a playlist on Sporcle, you need to verify the email address you used during registration. Go to your Sporcle Settings to finish the process.